| 000 | 00578nam a22001577a 4500 | ||
|---|---|---|---|
| 003 | macl | ||
| 005 | 20200312131447.0 | ||
| 008 | 200312b xxu||||| |||| 00| 0 eng d | ||
| 040 | _cmacl | ||
| 082 | _a385 | ||
| 100 |
_aKumar, Suchit _978628 |
||
| 245 | _aरेलवे भर्ती बोर्ड परीक्षा हेतु रेलवे सामान्य अध्ययन (पूर्णत; संशोधित संस्करण ) | ||
| 260 |
_aPatna _bSpeedy Publication _c2019 |
||
| 650 |
_aरेलवे _978629 |
||
| 942 |
_2ddc _cHIN |
||
| 999 |
_c62387 _d62387 |
||